| 000 | 01571nab a2200229 i 4500 | ||
|---|---|---|---|
| 001 | 768714001 | ||
| 003 | CO-MdFUSB | ||
| 005 | 20240801152742.0 | ||
| 008 | 240801t1997 -us||||| |||| 00| 0 eng d | ||
| 040 |
_bspa _cCO-MdFUSB _dCO-MdFUSB |
||
| 041 | _aeng | ||
| 100 |
_aShowalter, Nathan D., _d1949- _eautor |
||
| 245 | 1 |
_aCrusade or catastrophe? _bthe student missions movement and the First World War _c/ Nathan D. Showalter |
|
| 520 | _aAunque antes del verano de 1914 hubo señales de que el desastre era inminente, los estudiantes y líderes del Movimiento Estudiantil Voluntario (SVM) permanecieron ciegos ante estos presagios. Los estudiantes estaban convencidos de que la guerra nunca volvería a suceder, y mucho menos una guerra que estallaría dentro de la religión cristiana. Después de un siglo de paz en Europa y el nacimiento en 1895 de la Unión Cristiana de Estudiantes Mundiales, cuyo objetivo era la salvación de un mundo pagano fuera de Occidente, una amarga guerra entre los países pertenecientes a una "base de operaciones" y la "base de operaciones" de los Estados Unidos se convirtió en una guerra encarnizada. misionero es inimaginable. | ||
| 546 | _aTexto en inglés. | ||
| 650 | 7 |
_aMisioneros _9931 |
|
| 650 | 0 |
_aGuerra _xAspectos religiosos _91267 |
|
| 650 | 0 |
_aEvangelización _9362 |
|
| 773 | 0 |
_049483 _982866 _oR2730 _tInternational Bulletinof Missionary Research _w(CO-MdFUSB)768714001 _x0272-6122 _gVolumen 17, (número 1, 1993), páginas: 13 - 17 _qpágina: 13 |
|
| 942 | _cANA | ||
| 945 | _aCatherine Arias Álvarez - Practicante SENA | ||
| 999 |
_c70702 _d70702 |
||